| 000 | 00419nam a2200169#a 4500 | ||
|---|---|---|---|
| 001 | 01347 | ||
| 003 | HDC | ||
| 007 | ta | ||
| 008 | 230623s2023 xx 000 0 eng d | ||
| 040 | _aHDC | ||
| 050 |
_aTX531 _b.G37 2010 |
||
| 245 | 0 |
_aGaris panduan HACCP 1 Malaysia / _cBahagian Keselamatan dan Kualiti Makanan, Jabatan Kesihatan Malaysia. |
|
| 942 | _2lcc | ||
| 942 | _cBK | ||
| 942 | _kTX531 | ||
| 942 | _m.G37 2010 | ||
| 999 |
_c22913 _d22913 |
||